• 首页
  • 本馆介绍
  • 公告通知
  • 最新文献
  • 馆藏检索
  • 电子资源
  • 读者导购
  • 参考咨询
  • 我的图书馆
  • 登录
  • 详细信息显示
  • 放入我的书架
  • 预约/预借图书
  • 作者相关作品
  • 分类相关作品
  • 丛书相关作品
  • 出版社相关作品

书目信息

  • 表格格式
  • 工作单格式
  • 卡片格式
题名:
天大的小事
    
 
作者: 王力(1951~) 撰文 ;王一男 摄影
分册: 卷一  
出版信息: 北京   人民出版社  2011.03
页数: 451页
开本: 25cm
丛书名:
单 册:
中图分类: F299.23 , F299.1
科图分类:
主题词: 城市管理--比较研究--中国--西方国家 , 城市管理
电子资源:
ISBN: 978-7-01-009627-8
000 01125nam0 2200301 450
001 010010075907
005 20130627092739.78
010    @a978-7-01-009627-8@dCNY75.00
100    @a20120611d2011 em y0chiy0110 ea
101 0  @achi
102    @aCN@b110000
105    @aa z 000yy
106    @ar
200 1  @a天大的小事@9tian da de xiao shi@e城市如何让生活更美好@e对照版@h卷一@f王力撰文@g王一男摄影
210    @a北京@c人民出版社@d2011.03
215    @a451页@c图@d25cm
312    @a封面英文题名:New editions of the unsized value of little things
330    @a本书是首部科学解析“城市如何让生活更美好、城官如何让居民更幸福”的通俗理论读物,收集了城市管理细节化和人性化的种种做法。
510 1  @aNew editions of the unsized value of little things@zeng
517 1  @a城市如何让生活更美好@9cheng shi ru he rang sheng huo geng mei hao
606 0  @a城市管理@x比较研究@y中国@x西方国家
606 0  @a城市管理
690    @aF299.23@v5
690    @aF299.1@v5
701  0 @a王力(1951~)@9wang li@4撰文
702  0 @a王一男@9wang yi nan@f(1979~)@4摄影
801  0 @aCN@bNLC@c20120626
905    @b546316-21@dF299.23@e967@f6
    
    天大的小事:城市如何让生活更美好:对照版.卷一/王力撰文/王一男摄影.-北京:人民出版社,2011.03
    451页:图;25cm
    
    
    ISBN 978-7-01-009627-8:CNY75.00
    本书是首部科学解析“城市如何让生活更美好、城官如何让居民更幸福”的通俗理论读物,收集了城市管理细节化和人性化的种种做法。
●
相关链接 在E读中查询图书 在五车中查询图书 在当当中查询图书 在豆瓣中查询图书


正题名:天大的小事     索取号:F299.23/967         预约/预借

序号 登录号 条形码 馆藏地/架位号 状态 备注
1 546316   205463167   第一样本阅览室/ [索取号:F299.23/967] 在馆    
2 546317   205463176   第一借阅区/ [索取号:F299.23/967] 在馆    
3 546318   205463185   第一借阅区/ [索取号:F299.23/967] 在馆    
4 546319   205463194   第一借阅区/ [索取号:F299.23/967] 在馆    
5 546320   205463201   第一借阅区/ [索取号:F299.23/967] 在馆    
6 546321   205463210   第一借阅区/ [索取号:F299.23/967] 在馆    
欢迎您!
大连网信软件有限公司© 版权所有